Normal view
MARC view
- Mahajan Suhas &. Kulkarni Mahesh
Entry Personal Name
001 - CONTROL NUMBER
- control field: 56072
003 - CONTROL NUMBER IDENTIFIER
- control field: OSt
005 - DATE AND TIME OF LATEST TRANSACTION
- control field: 20220806105131.0
008 - FIXED-LENGTH DATA ELEMENTS
- fixed length control field: 220806|| aca||aabn | a|a d
040 ## - CATALOGING SOURCE
- Original cataloging agency: OSt
- Transcribing agency: OSt
100 ## - HEADING--PERSONAL NAME
- Personal name: Mahajan Suhas &. Kulkarni Mahesh
670 ## - SOURCE DATA FOUND
- Source citation: Work cat.: (OSt)32340: Mahajan Suhas &. Kulkarni Mahesh, Cost & Works Accounting Iii, 2010